<?xml version="1.0" encoding="UTF-8"?>
<collection xmlns="http://www.loc.gov/MARC21/slim">
 <record>
  <leader>01504nab a2200217 i 4500</leader>
  <controlfield tag="001">acta54039</controlfield>
  <controlfield tag="005">20260224081030.0</controlfield>
  <controlfield tag="008">180629s2016    hu      o     000   hun d</controlfield>
  <datafield tag="022" ind1=" " ind2=" ">
   <subfield code="a">2063-2525</subfield>
  </datafield>
  <datafield tag="040" ind1=" " ind2=" ">
   <subfield code="a">SZTE Egyetemi Kiadványok Repozitórium</subfield>
   <subfield code="b">hun</subfield>
  </datafield>
  <datafield tag="041" ind1=" " ind2=" ">
   <subfield code="a">hun</subfield>
  </datafield>
  <datafield tag="100" ind1="1" ind2=" ">
   <subfield code="a">Badó Andrea</subfield>
  </datafield>
  <datafield tag="245" ind1="1" ind2="0">
   <subfield code="a">Együttélés, visszaélés - a társasházi alapító okirat módosításának jogi háttere</subfield>
   <subfield code="h">[elektronikus dokumentum] /</subfield>
   <subfield code="c"> Badó Andrea</subfield>
  </datafield>
  <datafield tag="260" ind1=" " ind2=" ">
   <subfield code="c">2016</subfield>
  </datafield>
  <datafield tag="300" ind1=" " ind2=" ">
   <subfield code="a">5-21</subfield>
  </datafield>
  <datafield tag="490" ind1="0" ind2=" ">
   <subfield code="a">Acta Universitatis Szegediensis : forum : acta juridica et politica</subfield>
   <subfield code="v">6 No. 1</subfield>
  </datafield>
  <datafield tag="520" ind1="3" ind2=" ">
   <subfield code="a">This study sets out to scrutinize through practical examples the provisions of Act No. CXXXIII on buildings under joint ownership whereby the permission for a refurbishment, rearrangement or a specific activity taking place on joint real estate under separate ownership is subject to the consent of the tenants and, where appropriate, requires the amendment of the statutes of the estate. The study attempts to underscore the view that the single documentary condition of transferring the change in intended use of a building to the land register is a certificate from the planning authority and, consequently, registering the change may take place without the amendment of the statutes.</subfield>
  </datafield>
  <datafield tag="650" ind1=" " ind2="4">
   <subfield code="a">Társadalomtudományok</subfield>
  </datafield>
  <datafield tag="650" ind1=" " ind2="4">
   <subfield code="a">Jogtudomány</subfield>
  </datafield>
  <datafield tag="695" ind1=" " ind2=" ">
   <subfield code="a">Társasházak - Magyarország - jogi szabályozás</subfield>
  </datafield>
  <datafield tag="856" ind1="4" ind2="0">
   <subfield code="u">http://acta.bibl.u-szeged.hu/54039/1/juridpol_forum_006_001_005-021.pdf</subfield>
   <subfield code="z">Dokumentum-elérés </subfield>
  </datafield>
 </record>
</collection>
